000 01436nam a2200361 a 4500
001 000004170
003 DO-SdBNP
005 20260601111909.0
007 ta
008 090717s2003 dr 000 0 spa d
020 _a9993461849
040 _aDO-SdBNP
_bspa
_cBNPHU
082 4 _a306.872
_bG633p, 2003
_222
100 1 _aGómez, José Miguel,
_b1959-
_9800
245 1 0 _aParejas inteligentes :
_bno ideales, no perfectas; pero sí funcionales /
_cJosé Miguel Gómez ; prólogo José Miguel Gómez.
250 _a3a ed.
260 _aSanto Domingo :
_bBúho,
_c2003
300 _a166 p.
_c22 cm.
500 _aIncluye datos biográficos del autor en la solapa de la cubierta.
500 _aTemas: el día a día.
504 _aBibliografía : p. 163-166
505 0 _aPrólogo --
_gCapítulo I
_tConceptos generales sobre la pareja --
_gCapítulo II.
_tConceptos parejas inteligentes --
_gCapítulo III.
_tLas parejas y sus conflictos --
_gCapítulo IV.
_tPareja y salud mental --
_gCapítulo V.
_tPareja y familia.
590 _aInventariado, 2018/BT
650 0 _aParejas
_9802
650 0 _aParejas
_xPsicología
_936033
650 4 _aElección del cónyuge
_91472
650 0 _aRelaciones familiares
_9801
650 4 _aMatrimonio
_xAspectos psicológicos
_91473
650 0 _aInfidelidad
_91268
700 1 _aGómez, José Miguel,
_epról.
_9380
910 _aValidado. Control de calidad. MFF
942 _2ddc
_cLBS1
999 _c3986
_d3986